000 00290nam a22001337a 4500
008 180920b xxu||||| |||| 00| 0 eng d
020 _a0878574670
041 _aeng
080 _a612.39
100 _a10
101 _aNUT
245 _aFitness for Everyone
_cHylton,W.H
942 _2udc
_cBK
999 _c48098
_d48098